| 000 | 00397nam a22001697a 4500 | ||
|---|---|---|---|
| 003 | NUST | ||
| 020 | _a81-219-3587-3 | ||
| 038 | _akhadija | ||
| 082 | _a620 HAN | ||
| 100 |
_aSingh, Sadhu _979581 |
||
| 245 | _aHandbook of Mechanical Engineering | ||
| 260 |
_aNew Delhi : _bS. Chand, _c2011. |
||
| 300 |
_a2080 p. ; _b25 cm. |
||
| 500 | _aHardcover. | ||
| 563 | _ahard cover | ||
| 942 |
_cBK _2ddc |
||
| 999 |
_c33874 _d33874 |
||